World Capitals starting with V, W, Y and Z - Sudden Death - Statistics

General Stats
  • This quiz has been taken 36 times
    35 since last reset
  • The average score is 11 of 14
Answers on the Grid
Answers color-coded by a green-red scale on the quiz's grid according to % correct below.
Victoria
Valencia
Vienna
Vientiane
Vaduz
Vadodara
Vatican City
Venice
Vancouver
Valletta
Vilnius
Volgograd
Wuhan
Winnipeg
Wroclaw
Wenzhou
Washington, D.C.
Wuwei
Warsaw
Wellington
Yaren
Yerevan
Yokohama
Yaoundé
Zhengzhou
Zarqa
Zagreb
Zaragoza
 
Answer Stats
Answer % Correct
Vatican City
100%
Vienna
100%
Vaduz
83%
Valletta
83%
Vientiane
83%
Vilnius
83%
Warsaw
83%
Washington, D.C.
83%
Wellington
83%
Zagreb
83%
Victoria
67%
Yaoundé
67%
Yaren
67%
Yerevan
67%
No matching quizzes found
Score Distribution
Percent of People with Each Score
Percentile by Number Answered
Your Score History
You have not taken this quiz since the last reset